Movies Released in 2016 - Statistics

General Stats
  • This quiz has been taken 14 times
    8 since last reset
  • The average score is 13 of 49
Answer Stats
cast members Movie % Correct
Sebastian Stan, Chris Evans, Robert Downey Jr Captain America Civil War
71%
Will Smith, Jared Leto, Margot Robbie Suicide Squad
71%
Mila Kunis, Kristen Bell, Christina Applegate, Kathryn Hahn Bad Moms
57%
Ben affleck, Henry Cavill, Gal Gadot, Jesse Eisenberg, Amy Adams Batman Vs Superman
57%
Ryan Reynolds, morena Baccarin, Brianna Hildebrand Deadpool
57%
Dan Fogle, eddie Redmayne, Colin farrell, Johnny Depp, Ezra Miller Fantastic Beasts and Where to Find Them
57%
Ryan Gosling, Emma Stone, John Legend, J.K. Simmons La La Land
57%
Chris Pine, anton yelchin, Zachary quinto,Zoe Saldana, Simon Pegg, Sofia Boutella Star Trek Beyond
57%
Amy Adams, Jeremy Renner Arrival
43%
Benedict Cumberbatch, Rachel McAdams, Tilda Swinton Doctor Strange
43%
Ellen degeneres, Ty Burrell, Ed O'Neil, Albert Brooks, Idris Elba Finding Dory
43%
Janelle Monae, Octavia spencer, Taraji Henson Hidden Figures
43%
Mahershala Ali, trevante Rhodes Best picture winner oscars Moonlight
43%
Justin Timberlake, Anna Kendrick, gwen Stefani, James Corden, Russell Brand Trolls
43%
Melissa McCarthy, Kate McKinnon, Kristen Wiig, Leslie Jones Ghostbusters
29%
Andrew Garfield, Vince Vaughn, Teresa Palmer, Luke Bracey Hacksaw Ridge
29%
Matt Damon, Alicia Vikander, Julia Stiles, Tommy Lee Jones Jason Bourne
29%
Jack Black, Dustin Hoffman, Bryan Cranston, Angelina Jolie, Jackie Chan Kung Fu Panda 3
29%
Dwayne Johnson, Auli'i Cravalho, Nicole Scherzinger, Jemaine Clement Moana
29%
Scarlett Johansson, reese Witherspoon, Tori Kelly, taron Egerton, Matthew McConaughey Sing!
29%
Ben Affleck, Anna Kendrick The Accountant
29%
Emily Blunt, Rebecca Ferguson, Hayley Bennett, Luke Evans The Girl on the Train
29%
Michael Fassbender, James MacAvoy, Jennifer Lawrence, Nicholas Hoult, Rose Byrne X Men Apocalypse
29%
Ginnifer Goodwin, jason Bateman, Shakira Zootopia
29%
John Goodman, Mary Elizabeth Winstead, Bradley Cooper 10 Cloverfield Lane
14%
Shailene Woodley, Zoe kravitz, Theo James, Ansel Elgort, Miles Teller, Naomi Watts Allegiant
14%
Michael Fassbender, Jeremy irons, Marion Cotillard Assassin's Creed
14%
Jeff Bridges, Chris Pine, Ben Foster Hell or High Water
14%
Liam Hemsworth, Jeff goldblum, Bill Pullman, Jessie Usher Independence Day: Resurgence
14%
Cobie Smulders, Tom Cruise, Danika Yarosh, Lee Child, Aldis Hodge Jack Reacher Never Go Back
14%
Casey Affleck, Michelle Williams, Lucas Hedges, Kyle Chandler manchester By the Sea
14%
Asa Butterfield, Ella Purnell, Eva Green, Judi Dench, Samuel L. Jackson Miss peregrine's Home for Peculiar Children
14%
Jake Gyllenhaal, Amy Adams, Isla Fisher, Michael Shannon, Aaron Taylor-Johnson Nocturnal Animals
14%
felicity Jones, Diego Luna, Mads Mikkelsen Rogue One: A Star Wars Story
14%
Kristen Wigg, Seth rogen, James franco, Jonah Hill, Michael cera, Salma Hayek Sausage Party
14%
Liam Neeson, Adam Driver, Andrew Garfield Silence
14%
Patrick Wilson, Vera Farmiga, Madison wolfe The Conjuring 2
14%
Scarlett Johansson, Ben Kingsley, Idris Elba, Christopher Walken, Lupita Nyong'o The Jungle Book
14%
Christoph Waltz, Alexander Skarsgard, Margot Robbie, Samuel L. Jackson The Legend of Tarzan
14%
Elle Fanning, Keanu Reeves, Jena Malone, Christina Hendricks The Neon Demon
14%
Russell Crowe, Ryan Gosling, Matt Bomer,Kim basinger The Nice Guys
14%
Elizabeth Mitchell, Frank Grillo, Mykelti Williamson The Purge: Election Year
14%
Bryan Cranston, James Franco, Zoey Deutch, Keegan Michael Key Why Him?
14%
Keke Palmer, Queen Latifah, Adam deVine Ice Age 5: Collision Course
0%
Chris Pratt, Michael Sheen, Jennifer Lawrence Passenger5
0%
Tom Hanks, Aaron Eckhart, Laura Linney, Anna Gunn Sully
0%
Mark Rylance, Jemaine Clement, Ruby Barnhill, Rebecca Hall The BFG
0%
Denzel Washington, Chris Pratt, ethan Hawke The Magnificent Seven
0%
Kevin Hart, Louis C.K, Jenny Slate, Ellie Kemper The Secret Life of Pets
0%
No matching quizzes found
Score Distribution
Percent of People with Each Score
Percentile by Number Answered
Your Score History
You have not taken this quiz since the last reset